[Event "63.Camp. Veneto Quarti di Finale"]
[Site "Arquà Petrarca ITA"]
[Date "2003.05.11"]
[Round "6.5"]
[White "Quaranta, Cristiano"]
[Black "Rossato, Armando"]
[Result "0-1"]
[WhiteElo "1858"]
[BlackElo "2192"]
[Annotator "Gabriele Ballarin"]
[PlyCount "140"]
[EventDate "2003.05.03"]
[EventType "swiss"]
[EventRounds "6"]
[EventCountry "ITA"]

1. d4 g6 2. e4 d6 3. Nc3 c6 4. a4 Bg7 5. Nf3 Bg4 6. Be2 Nd7 7. Be3 Qc7 8. h3 Bxf3 9. Bxf3 Ngf6 10. O-O O-O 11. Qe2 Rae8 12. Rad1 b6 13. Rfe1 e5 14. d5 c5 15. Qa6 Nb8 16. Qc4 a6 17. b4 Nfd7 18. Be2 f5 19. f3 Rc8 20. b5 a5 21. Bf1 f4 22. Bc1 Nf6 23. Bb2 Qe7 24. Kf2 Nh5 25. Ke2 Ng3+ 26. Kd2 Qg5 27. Kc1 Nd7 28. Be2 Nf6 29. Rg1 h5 30. Kb1 Qh6 31. Rde1 g5 32. Nd1 Kf7 33. Nf2 Ke7 34. Nh1 Kd7 35. Nxg3 fxg3 36. Bc1 Qg6 37. Qd3 Ng8 38. c4 Bf6 39. Be3 Ne7 40. Qd2 Rg8 41. Qc2 Qf7 42. Ref1 Ng6 43. Qc1 Nf4 44. Qc2 Kc7 45. Qd2 Rh8 46. Qe1 Qd7 47. Bd1 h4 48. Qd2 Rcg8 49. Rh1 Bg7 50. Ka2 Bh6 51. Re1 Rf8 52. Rhg1 Rhg8 53. Kb1 Nh5 54. Ref1 Rf4 55. Ka1 Rgf8 56. Be2 Nf6 57. Qd3 Bg7 58. Rh1 Qf7 59. Kb1 Qg6 60. Kc1 Rh8 61. Kd1 Nh5 62. Kc1 Rff8 63. Qd2 Nf4 64. Bd1 g4 65. Bxf4 exf4 66. hxg4 Qf6 67. Qc2 Qa1+ 68. Kd2 h3 69. Rhg1 Bd4 70. Be2 Be3+ 0-1

[Event "63.Camp. Veneto Quarti di Finale"]
[Site "Arquà Petrarca ITA"]
[Date "2003.05.11"]
[Round "6.6"]
[White "Renier, Renzo"]
[Black "Danieli, Enrico"]
[Result "1-0"]
[WhiteElo "1845"]
[BlackElo "2120"]
[Annotator "Gabriele Ballarin"]
[PlyCount "35"]
[EventDate "2003.05.03"]
[EventType "swiss"]
[EventRounds "6"]
[EventCountry "ITA"]

1. e4 c6 2. d4 d5 3. Nc3 dxe4 4. Nxe4 Nf6 5. Nxf6+ exf6 6. c3 Bd6 7. Bd3 O-O 8. Ne2 Qc7 9. Be3 Re8 10. Ng3 g6 11. O-O Nd7 12. Re1 Nf8 13. Qf3 f5 14. Bh6 Rxe1+ 15. Rxe1 Bxg3 16. Re8 Bd6 17. Qf4 Qd7 18. Qe5 1-0

[Event "63.Camp. Veneto Quarti di Finale"]
[Site "Arquà Petrarca ITA"]
[Date "2003.05.11"]
[Round "6.7"]
[White "Roberti, Ignazio"]
[Black "Navarro, Stefano"]
[Result "0-1"]
[WhiteElo "2001"]
[BlackElo "2115"]
[Annotator "Gabriele Ballarin"]
[PlyCount "81"]
[EventDate "2003.05.03"]
[EventType "swiss"]
[EventRounds "6"]
[EventCountry "ITA"]

1. e4 e5 2. Nf3 Nc6 3. Bb5 f5 4. Nc3 fxe4 5. Nxe4 d5 6. Ng3 Bg4 7. h3 Bxf3 8. Qxf3 Qd6 9. Nf5 Qd7 10. d3 O-O-O 11. O-O Bc5 12. Ne3 Nh6 13. c4 Rhf8 14. Qxd5 Qe7 15. Qe4 Nb4 16. Nd5 Nxd5 17. cxd5 Nf5 18. Qg4 Rxd5 19. Bg5 Qd6 20. Be3 h5 21. Qa4 a6 22. Bxc5 Rxc5 23. Be8 g6 24. b4 Rd5 25. Rac1 b5 26. Bxb5 Rxb5 27. Rc4 Nd4 28. Kh1 Kb7 29. Rfc1 Rf7 30. Qd1 Rb6 31. a4 Rd7 32. Qe1 Nc6 33. a5 Rb5 34. Rxc6 {=} Qxc6 35. Rxc6 Kxc6 36. Qe4+ Rbd5 37. Qxg6+ Kb5 38. Qxh5 e4 39. Qe2 exd3 40. Qd2 Re7 41. Qa2 0-1

[Event "63.Camp. Veneto Quarti di Finale"]
[Site "Arquà Petrarca ITA"]
[Date "2003.05.11"]
[Round "6.8"]
[White "Tiengo, Davide"]
[Black "Bettera, Roberto"]
[Result "1-0"]
[WhiteElo "1958"]
[BlackElo "1726"]
[Annotator "Gabriele Ballarin"]
[PlyCount "87"]
[EventDate "2003.05.03"]
[EventType "swiss"]
[EventRounds "6"]
[EventCountry "ITA"]

1. d4 Nf6 2. c4 c6 3. Nc3 d5 4. Nf3 g6 5. Bf4 Bg7 6. e3 O-O 7. h3 Nbd7 8. Bd3 e6 9. O-O b6 10. Rc1 Bb7 11. Qe2 Re8 12. Rfd1 a6 13. b3 Qe7 14. cxd5 exd5 15. Na4 Rec8 16. Rc2 b5 17. Nc5 Nxc5 18. Rxc5 Nd7 19. Rc2 c5 20. dxc5 Rxc5 21. Rxc5 Qxc5 22. Qd2 Rc8 23. Bb1 Qc3 24. Qxc3 Rxc3 25. e4 Nb6 26. Be3 dxe4 27. Rd8+ Bf8 28. Nd2 Nd5 29. Nxe4 Rc8 30. Rxd5 Bxd5 31. Nf6+ Kg7 32. Nxd5 Rd8 33. Be4 f5 34. Bf3 Rc8 35. Nf4 Bd6 36. Bb7 Rc2 37. Bxa6 Rxa2 38. Bxb5 g5 39. Bd4+ Kh6 40. Ne6 Rd2 41. g3 f4 42. g4 f3 43. Bg7+ Kg6 44. Be8# 1-0

[Event "63.Camp. Veneto Quarti di Finale"]
[Site "Arquà Petrarca ITA"]
[Date "2003.05.11"]
[Round "6.9"]
[White "Casciello, Dimitri"]
[Black "Guclu, Yaman"]
[Result "0-1"]
[WhiteElo "1600"]
[BlackElo "1771"]
[Annotator "Gabriele Ballarin"]
[PlyCount "104"]
[EventDate "2003.05.03"]
[EventType "swiss"]
[EventRounds "6"]
[EventCountry "ITA"]

1. e4 c5 2. Nf3 Nc6 3. d4 cxd4 4. Nxd4 e6 5. Nb5 d6 6. c4 a6 7. N5a3 Nf6 8. Nc3 Be7 9. Be2 Qc7 10. O-O b6 11. Be3 Bb7 12. Rc1 O-O 13. Nd5 exd5 14. cxd5 b5 15. Bf3 Qd7 16. dxc6 Bxc6 17. Rxc6 Qxc6 18. e5 Ne4 19. Qc1 Qxc1 20. Rxc1 d5 21. Rd1 Rad8 22. g3 d4 23. Rxd4 Rxd4 24. Bxd4 Ng5 25. Bb7 Rb8 26. Bg2 Rd8 27. Nc2 Ne6 28. Bc3 Rd1+ 29. Bf1 Bc5 30. Kg2 Rc1 31. Bd3 Bb6 32. b4 Rd1 33. Be2 Rd7 34. Be1 Nd4 35. Nxd4 Bxd4 36. f4 Rc7 37. Bd3 Rc1 38. Bf2 Bxf2 39. Kxf2 Ra1 40. Ke3 Rxa2 41. Be4 Rb2 42. Bb7 Rxb4 43. Bxa6 Kf8 44. Kd3 Rb2 45. g4 b4 46. h4 Rg2 47. Bc8 b3 48. Kc3 b2 49. Bf5 Rxg4 50. Kxb2 Rxf4 51. Bxh7 g6 52. h5 Kg7 0-1

[Event "63.Camp. Veneto Quarti di Finale"]
[Site "Arquà Petrarca ITA"]
[Date "2003.05.11"]
[Round "6.10"]
[White "Giuriati, Paolo"]
[Black "Tonolo, Maurizio"]
[Result "1/2-1/2"]
[WhiteElo "2160"]
[BlackElo "1687"]
[Annotator "Gabriele Ballarin"]
[PlyCount "133"]
[EventDate "2003.05.03"]
[EventType "swiss"]
[EventRounds "6"]
[EventCountry "ITA"]

1. e4 e6 2. Nf3 d5 3. e5 c5 4. b4 c4 5. a3 Bd7 6. d3 b5 7. dxc4 bxc4 8. Bb2 a5 9. c3 Ne7 10. h4 Qc7 11. h5 h6 12. g4 Nbc6 13. Qe2 Qb7 14. Nbd2 a4 15. Rg1 Na5 16. Bg2 Nb3 17. Rd1 Nc6 18. Qe3 Be7 19. Nf1 O-O-O 20. Ng3 g5 21. hxg6 fxg6 22. Ne2 g5 23. Ned4 Ncxd4 24. Nxd4 Qb6 25. Kf1 Rdf8 26. Bc1 Rf7 27. Nxb3 Qxe3 28. Bxe3 cxb3 29. Ke1 Bb5 30. Bf1 Bxf1 31. Kxf1 Rd8 32. Ke2 Kc7 33. Rd4 Kc6 34. Rc1 Kb5 35. Rh1 Rc8 36. Rxh6 Rxc3 37. Rxe6 b2 38. Rd1 Kc4 39. Rc6+ Kb3 40. Rxc3+ Kxc3 41. Bd4+ Kb3 42. Rb1 Kxa3 43. b5 Bd8 44. Rxb2 Bb6 45. Rd2 Bxd4 46. Rxd4 Kb3 47. Rxd5 a3 48. Rd3+ Kb2 49. Ke3 a2 50. Rd2+ Kb3 51. Rd1 Kb2 52. Ke4 Rxf2 53. b6 a1=Q 54. Rxa1 Kxa1 55. e6 Rb2 56. Kd5 Rxb6 57. e7 Rb8 58. Ke6 Kb2 59. Kf7 Kc3 60. e8=Q Rxe8 61. Kxe8 Kd4 62. Kf7 Ke5 63. Kg6 Ke6 64. Kxg5 Kf7 65. Kh6 Kg8 66. g5 Kh8 67. g6 1/2-1/2

[Event "63.Camp. Veneto Quarti di Finale"]
[Site "Arquà Petrarca ITA"]
[Date "2003.05.11"]
[Round "6.11"]
[White "Solinas, Carlo"]
[Black "Stiz, Massimiliano"]
[Result "0-1"]
[WhiteElo "2089"]
[BlackElo "1621"]
[Annotator "Gabriele Ballarin"]
[PlyCount "68"]
[EventDate "2003.05.03"]
[EventType "swiss"]
[EventRounds "6"]
[EventCountry "ITA"]

1. e4 e6 2. d4 d5 3. Nc3 Bb4 4. e5 c5 5. a3 Bxc3+ 6. bxc3 Ne7 7. h4 Nbc6 8. h5 h6 9. Qg4 Qa5 10. Bd2 Bd7 11. Nf3 O-O-O 12. Qxg7 Qa4 13. Bd3 cxd4 14. Bxh6 dxc3 15. Rh4 d4 16. Rb1 Rdg8 17. Qf6 Nd5 18. Qxf7 Nd8 19. Ng5 Nxf7 20. Nxf7 Rxh6 21. Nxh6 Rxg2 22. Kf1 Rg7 23. Rb3 Qc6 24. Rxd4 Kb8 25. Ng4 Qc7 26. h6 Rg8 27. h7 Rh8 28. Nf6 Nxf6 29. exf6 e5 30. Rh4 Bc6 31. Bg6 Qd6 32. Bd3 e4 33. Rxe4 Bxe4 34. Bxe4 Qd1+ 0-1

[Event "63.Camp. Veneto Quarti di Finale"]
[Site "Arquà Petrarca ITA"]
[Date "2003.05.11"]
[Round "6.12"]
[White "Cecchetto, Vanni"]
[Black "Maniero, Riccardo"]
[Result "1-0"]
[WhiteElo "2051"]
[BlackElo "1696"]
[Annotator "Gabriele Ballarin"]
[PlyCount "35"]
[EventDate "2003.05.03"]
[EventType "swiss"]
[EventRounds "6"]
[EventCountry "ITA"]

1. c4 e5 2. Nc3 Nf6 3. g3 Bc5 4. Bg2 c6 5. e3 O-O 6. Nge2 d5 7. cxd5 cxd5 8. d4 exd4 9. exd4 Bb4 10. O-O Be6 11. Bg5 Be7 12. Qb3 Qd7 13. Bxf6 Bxf6 14. Bxd5 Nc6 15. Bxe6 fxe6 16. Rad1 Bxd4 17. Nb5 Na5 18. Rxd4 1-0

[Event "63.Camp. Veneto Quarti di Finale"]
[Site "Arquà Petrarca ITA"]
[Date "2003.05.11"]
[Round "6.13"]
[White "Valentini, Luca"]
[Black "Marson, Luca"]
[Result "0-1"]
[WhiteElo "1800"]
[BlackElo "1690"]
[Annotator "Gabriele Ballarin"]
[PlyCount "114"]
[EventDate "2003.05.03"]
[EventType "swiss"]
[EventRounds "6"]
[EventCountry "ITA"]

1. e4 c5 2. Nf3 d6 3. d4 cxd4 4. Nxd4 a6 5. Nc3 Nf6 6. Be3 e6 7. f3 Qc7 8. Qd2 Be7 9. g4 Nc6 10. O-O-O b5 11. h4 Nd7 12. Nxc6 Qxc6 13. Bd4 b4 14. Ne2 e5 15. Be3 a5 16. Ng3 g6 17. h5 Bb7 18. hxg6 fxg6 19. Bg5 Rc8 20. Bxe7 Kxe7 21. Bc4 Nf6 22. g5 Ne8 23. Bd5 Qc7 24. Bxb7 Qxb7 25. Qd5 Qxd5 26. Rxd5 Rc5 27. Rhd1 h5 28. gxh6 Rxh6 29. Rxc5 dxc5 30. Rd5 Ke6 31. Rxc5 Rh3 32. Ne2 Rxf3 33. Rxa5 Nd6 34. Ra6 Ke7 35. c3 bxc3 36. Nxc3 g5 37. Ra7+ Kf8 38. Ra5 Nf7 39. Kd2 g4 40. Ke2 Rf4 41. Rd5 g3 42. Rd3 Rf2+ 43. Ke1 Rxb2 44. Rxg3 Nd6 45. Kd1 Ke7 46. Re3 Ke6 47. Kc1 Rh2 48. Re2 Rh4 49. Rf2 Kd7 50. Kc2 Kc6 51. Kb3 Kc5 52. a4 Nc4 53. Rg2 Na5+ 54. Kc2 Nc4 55. Rg8 Rh2+ 56. Kd1 Kd4 57. Rg3 Rd2+ 0-1

[Event "63.Camp. Veneto Quarti di Finale"]
[Site "Arquà Petrarca ITA"]
[Date "2003.05.11"]
[Round "6.15"]
[White "Sanavio, Giancarlo"]
[Black "Ribon, Andrea"]
[Result "1-0"]
[WhiteElo "1564"]
[BlackElo "1791"]
[Annotator "Gabriele Ballarin"]
[PlyCount "53"]
[EventDate "2003.05.03"]
[EventType "swiss"]
[EventRounds "6"]
[EventCountry "ITA"]

1. Nf3 Nf6 2. c4 c5 3. Nc3 d5 4. cxd5 Nxd5 5. g3 Nc6 6. Bg2 e6 7. O-O Be7 8. d4 Nxc3 9. bxc3 O-O 10. e4 Qc7 11. Bf4 Qa5 12. d5 exd5 13. exd5 Nb8 14. Bxb8 Rxb8 15. d6 Bf6 16. d7 Bxd7 17. Qxd7 Bxc3 18. Rac1 Rfd8 19. Qf5 g6 20. Qc2 Bb4 21. Ne5 Rd2 22. Qc4 Qxa2 23. Qf4 Rbd8 24. Ra1 Qb3 25. Rxa7 Rd1 26. Rxb7 Rxf1+ 27. Bxf1 1-0

[Event "63.Camp. Veneto Quarti di Finale"]
[Site "Arquà Petrarca ITA"]
[Date "2003.05.11"]
[Round "6.16"]
[White "Boscolo, Michele"]
[Black "Giuriato, Sergio"]
[Result "1/2-1/2"]
[WhiteElo "1638"]
[BlackElo "2023"]
[Annotator "Gabriele Ballarin"]
[PlyCount "103"]
[EventDate "2003.05.03"]
[EventType "swiss"]
[EventRounds "6"]
[EventCountry "ITA"]

1. d4 Nf6 2. Nf3 e6 3. Bg5 c5 4. c3 h6 5. Bxf6 Qxf6 6. d5 d6 7. Qb3 exd5 8. Qxd5 Nc6 9. e3 Be6 10. Qd2 d5 11. Be2 Rd8 12. O-O Be7 13. Rd1 O-O 14. Na3 Rd7 15. Nc2 Rfd8 16. Qe1 Bd6 17. h3 g5 18. Rd2 Ne5 19. Nh2 a6 20. Qd1 Bc7 21. Ne1 Bf5 22. Bg4 Nxg4 23. Nxg4 Qe6 24. Nh2 Qd6 25. Nhf3 Qg6 26. Nh2 Be6 27. Qc2 f5 28. Rad1 Qf6 29. Qa4 f4 30. e4 Qf7 31. exd5 Bxd5 32. Qc2 Bc6 33. Rxd7 Rxd7 34. Rxd7 Bxd7 35. b3 Kg7 36. Nhf3 Bf5 37. Qe2 Qe6 38. Qxe6 Bxe6 39. Nd3 b6 40. c4 Kf6 41. Kf1 h5 42. Ke2 g4 43. hxg4 hxg4 44. Nfe1 Bd6 45. Nc2 Bf5 46. f3 g3 47. Kd2 b5 48. cxb5 axb5 49. Na3 Bd7 50. Ne1 Kf5 51. Kd3 Be5 52. Nb1 1/2-1/2

[Event "63.Camp. Veneto Quarti di Finale"]
[Site "Arquà Petrarca ITA"]
[Date "2003.05.11"]
[Round "6.18"]
[White "Morganti, Lionello"]
[Black "Zanirato, Stefano"]
[Result "1/2-1/2"]
[WhiteElo "1636"]
[BlackElo "1716"]
[Annotator "Gabriele Ballarin"]
[PlyCount "55"]
[EventDate "2003.05.03"]
[EventType "swiss"]
[EventRounds "6"]
[EventCountry "ITA"]

1. e4 Nc6 2. Nf3 d6 3. d4 Bg4 4. Be2 e5 5. d5 Bxf3 6. Bxf3 Nd4 7. Be3 Nxf3+ 8. Qxf3 Qd7 9. c4 Be7 10. Nc3 a6 11. O-O h5 12. b4 g5 13. Qd1 f5 14. exf5 Qxf5 15. Qa4+ Qd7 16. Qxd7+ Kxd7 17. Ne4 g4 18. f3 Nh6 19. Bxh6 Rxh6 20. fxg4 hxg4 21. g3 c6 22. Rac1 Rah8 23. Rc2 R8h7 24. Rf5 Rh5 25. Rcf2 Rxf5 26. Rxf5 cxd5 27. cxd5 Rg7 28. Kf1 1/2-1/2

[Event "63.Camp. Veneto Quarti di Finale"]
[Site "Arquà Petrarca ITA"]
[Date "2003.05.11"]
[Round "6.19"]
[White "Pomaro, Stefano"]
[Black "Negro, Raffaele"]
[Result "0-1"]
[WhiteElo "1626"]
[BlackElo "1696"]
[Annotator "Gabriele Ballarin"]
[PlyCount "62"]
[EventDate "2003.05.03"]
[EventType "swiss"]
[EventRounds "6"]
[EventCountry "ITA"]

1. e4 d6 2. d4 Nf6 3. Nc3 g6 4. f3 c6 5. Be3 Qb6 6. a3 Bg7 7. Bc4 O-O 8. Nge2 Nbd7 9. Qd2 Qxb2 10. O-O Qb6 11. e5 Nd5 12. Bxd5 cxd5 13. Nxd5 Qd8 14. exd6 exd6 15. Bg5 f6 16. Bf4 Nb6 17. Nec3 Nxd5 18. Nxd5 Be6 19. Nc3 Bc4 20. Rfe1 f5 21. Rab1 Qd7 22. Bg5 Rfe8 23. Qf4 b5 24. Qh4 Rxe1+ 25. Rxe1 Re8 26. Rxe8+ Qxe8 27. Kf2 a5 28. Kg3 Qe1+ 29. Kh3 Qxc3 30. Bd8 Qxd4 31. Qe7 Qe5 0-1

[Event "63.Camp. Veneto Quarti di Finale"]
[Site "Arquà Petrarca ITA"]
[Date "2003.05.11"]
[Round "6.20"]
[White "Gallo, Carlo"]
[Black "Fracasso Pezzolato, Michele"]
[Result "1-0"]
[WhiteElo "1678"]
[BlackElo "1630"]
[Annotator "Gabriele Ballarin"]
[PlyCount "111"]
[EventDate "2003.05.03"]
[EventType "swiss"]
[EventRounds "6"]
[EventCountry "ITA"]

1. c4 Nf6 2. Nc3 e6 3. e4 d5 4. e5 d4 5. exf6 dxc3 6. bxc3 Qxf6 7. d4 b6 8. Nf3 h6 9. Be2 Bb7 10. O-O Bd6 11. Re1 O-O 12. Qc2 Nd7 13. a4 a5 14. Be3 Qe7 15. Nd2 f5 16. Bf3 Bxf3 17. Nxf3 Nf6 18. c5 bxc5 19. dxc5 Bxc5 20. Bxc5 Qxc5 21. Rxe6 Ne4 22. Rc1 Rfe8 23. Rxe8+ Rxe8 24. Nd4 Nxc3 25. g3 Qxd4 26. Qxc3 Qxc3 27. Rxc3 Re4 28. Rxc7 Rxa4 29. Rc5 g6 30. Kg2 Kf7 31. h4 Ra1 32. Kf3 a4 33. h5 a3 34. hxg6+ Kxg6 35. Kf4 a2 36. Ra5 Kf6 37. Ra6+ Ke7 38. Kxf5 Kd7 39. Kg6 Kc7 40. f4 Kb7 41. Ra3 Rg1 42. Rxa2 Rxg3+ 43. Kxh6 Kc7 44. Rd2 Rf3 45. Kg5 Rg3+ 46. Kf6 Rf3 47. f5 Kc8 48. Kg6 Rg3+ 49. Kf7 Rf3 50. f6 Re3 51. Rd5 Kc7 52. Kg6 Re6 53. Kg7 Kc6 54. Rf5 Kd7 55. f7 Re7 56. Kg8 1-0

[Event "63.Camp. Veneto Quarti di Finale"]
[Site "Arquà Petrarca ITA"]
[Date "2003.05.11"]
[Round "6.21"]
[White "Zangrando, Gianpietro"]
[Black "Quaranta, Gaetano"]
[Result "0-1"]
[WhiteElo "1650"]
[BlackElo "1597"]
[Annotator "Gabriele Ballarin"]
[PlyCount "122"]
[EventDate "2003.05.03"]
[EventType "swiss"]
[EventRounds "6"]
[EventCountry "ITA"]

1. Nf3 d5 2. g3 Nc6 3. d4 Nf6 4. Bg2 g6 5. O-O Bg7 6. Ne5 e6 7. Nxc6 bxc6 8. Nd2 O-O 9. Nb3 Nd7 10. Bf4 c5 11. c3 cxd4 12. cxd4 c5 13. Bd6 Re8 14. Bxc5 Nxc5 15. Nxc5 Qb6 16. Rb1 Rd8 17. f4 Ba6 18. b4 Bc4 19. Qd2 Rac8 20. Rfc1 a6 21. e3 Ra8 22. Rxc4 dxc4 23. Bxa8 Rxa8 24. Rc1 a5 25. bxa5 Qxa5 26. Qxa5 Rxa5 27. a4 h6 28. h4 Bf6 29. Rxc4 g5 30. hxg5 hxg5 31. Kf2 gxf4 32. gxf4 Bh4+ 33. Kf3 Be7 34. Kg4 f5+ 35. Kh3 Kf7 36. Nd7 Ra8 37. Ne5+ Kf6 38. Kh4 Rh8+ 39. Kg3 Rg8+ 40. Kf3 Rh8 41. Ke2 Rh2+ 42. Kd3 Ra2 43. Nc6 Ba3 44. Rc2 Ra1 45. Ne5 Bc1 46. Rc7 Ra3+ 47. Kc2 Ra2+ 48. Kxc1 Ra1+ 49. Kd2 Rd1+ 50. Kc3 Rc1+ 51. Kb4 Rxc7 52. a5 Ke7 53. a6 Kd6 54. Kb5 Rc1 55. Nc4+ Kc7 56. Nb6 Rb1+ 57. Ka5 Rxb6 58. a7 Rb1 59. e4 fxe4 60. f5 Ra1+ 61. Kb5 Rxa7 0-1

[Event "63.Camp. Veneto Quarti di Finale"]
[Site "Arquà Petrarca ITA"]
[Date "2003.05.11"]
[Round "6.22"]
[White "Alessi, Giovanni"]
[Black "Rigo, Gianfrancesco"]
[Result "0-1"]
[WhiteElo "1500"]
[BlackElo "2055"]
[Annotator "Gabriele Ballarin"]
[PlyCount "66"]
[EventDate "2003.05.03"]
[EventType "swiss"]
[EventRounds "6"]
[EventCountry "ITA"]

1. e4 e6 2. e5 d5 3. g3 c5 4. Bg2 Nc6 5. Nf3 f6 6. exf6 Nxf6 7. c3 e5 8. d4 e4 9. Ne5 cxd4 10. Nxc6 bxc6 11. cxd4 Ba6 12. Nc3 Qb6 13. Ne2 Bb4+ 14. Bd2 Bxe2 15. Qxe2 Qxd4 16. Bxb4 Qxb4+ 17. Qd2 a5 18. a3 Qxd2+ 19. Kxd2 Rb8 20. Rhb1 Rb3 21. h3 O-O 22. Bf1 e3+ 23. Kc2 a4 24. f3 Ne4 25. fxe4 Rf2+ 26. Kd1 Rxf1+ 27. Ke2 Rf2+ 28. Ke1 d4 29. Rc1 d3 30. Rxc6 d2+ 31. Kd1 Rf1+ 32. Kc2 Rxa1 33. Rc3 d1=Q# 0-1

[Event "63.Camp. Veneto Quarti di Finale"]
[Site "Arquà Petrarca ITA"]
[Date "2003.05.11"]
[Round "6.23"]
[White "Gomez de Ayala, Paolo"]
[Black "De Nard, Stefano"]
[Result "1-0"]
[WhiteElo "1692"]
[BlackElo "1569"]
[Annotator "Gabriele Ballarin"]
[PlyCount "81"]
[EventDate "2003.05.03"]
[EventType "swiss"]
[EventRounds "6"]
[EventCountry "ITA"]

1. d4 Nf6 2. c4 g6 3. Nc3 d5 4. e3 Bg7 5. Nf3 O-O 6. h3 c5 7. b3 Nc6 8. cxd5 Nxd5 9. Nxd5 Qxd5 10. Bc4 Qd8 11. Bb2 Qa5+ 12. Kf1 Rd8 13. Qe2 a6 14. Ng5 e6 15. Qf3 Rf8 16. a4 cxd4 17. Ne4 Ne5 18. Nf6+ Kh8 19. Qf4 Nxc4 20. bxc4 e5 21. Qh4 h6 22. Nd5 Qc5 23. Kg1 Qc6 24. exd4 Bf5 25. dxe5 Be6 26. Kh2 Bxd5 27. cxd5 Qxd5 28. Rhd1 Qb3 29. Rab1 Rac8 30. Ba1 Qc4 31. Qxc4 Rxc4 32. Rxb7 Rxa4 33. g3 Ra2 34. Kg2 Kg8 35. Re7 a5 36. Bc3 a4 37. Rdd7 a3 38. Bb4 Re2 39. Bxa3 Bxe5 40. Bd6 f6 41. Rg7+ 1-0

[Event "63.Camp. Veneto Quarti di Finale"]
[Site "Arquà Petrarca ITA"]
[Date "2003.05.11"]
[Round "6.24"]
[White "Angelini, Francesco"]
[Black "Vaglio, Alessandro"]
[Result "0-1"]
[WhiteElo "1630"]
[BlackElo "1539"]
[Annotator "Gabriele Ballarin"]
[PlyCount "46"]
[EventDate "2003.05.03"]
[EventType "swiss"]
[EventRounds "6"]
[EventCountry "ITA"]

1. e4 c6 2. d4 d5 3. e5 Qb6 4. Nc3 Bf5 5. g4 Bg6 6. f4 e6 7. Nf3 c5 8. Bb5+ Nc6 9. f5 exf5 10. Nxd5 Qd8 11. Nf4 Qa5+ 12. Bd2 Qxb5 13. Nxg6 hxg6 14. gxf5 cxd4 15. Nxd4 Nxd4 16. fxg6 Qxe5+ 17. Kf2 Qf5+ 18. Kg2 O-O-O 19. gxf7 Qxf7 20. Qg4+ Kb8 21. Rhf1 Qd5+ 22. Kg1 Nf6 23. Qg3+ Bd6 0-1

[Event "63.Camp. Veneto Quarti di Finale"]
[Site "Arquà Petrarca ITA"]
[Date "2003.05.11"]
[Round "6.25"]
[White "Pilotto, Alessandro"]
[Black "Ferrari, Mario"]
[Result "0-1"]
[WhiteElo "1495"]
[BlackElo "1662"]
[Annotator "Gabriele Ballarin"]
[PlyCount "92"]
[EventDate "2003.05.03"]
[EventType "swiss"]
[EventRounds "6"]
[EventCountry "ITA"]

1. d4 Nf6 2. Nf3 c5 3. c3 g6 4. Bf4 b6 5. h3 Ba6 6. Nbd2 Bg7 7. e3 Bb7 8. Be2 d6 9. dxc5 bxc5 10. Qa4+ Nbd7 11. O-O O-O 12. Rad1 Nb6 13. Qb3 Nfd5 14. Bh2 Rb8 15. Qc2 Qd7 16. Nb3 Qa4 17. Rd2 Nc4 18. Bxc4 Qxc4 19. a3 Ba6 20. Rfd1 Qxb3 21. Qxb3 Rxb3 22. Rxd5 Rxb2 23. Rc1 Bb7 24. Rd2 Rb3 25. Rdc2 Bxf3 26. gxf3 Rxa3 27. Rb1 Bxc3 28. Rb7 Re8 29. Kg2 d5 30. Bg3 e5 31. Bh4 Bb4 32. Rb2 a5 33. Rb1 Rd3 34. Bg5 c4 35. Bf6 c3 36. Rc7 d4 37. exd4 exd4 38. Re1 Rxe1 39. Rc8+ Bf8 40. Bg5 Kg7 41. Rc6 Re6 42. Rc8 Rd1 43. Bf4 Bb4 44. Bg5 d3 45. Be3 Rxe3 46. fxe3 c2 0-1

[Event "63.Camp. Veneto Quarti di Finale"]
[Site "Arquà Petrarca ITA"]
[Date "2003.05.11"]
[Round "6.26"]
[White "Canazza, Alessandro"]
[Black "Lanzetta, Alberto"]
[Result "1/2-1/2"]
[WhiteElo "1615"]
[BlackElo "1494"]
[Annotator "Gabriele Ballarin"]
[PlyCount "49"]
[EventDate "2003.05.03"]
[EventType "swiss"]
[EventRounds "6"]
[EventCountry "ITA"]

1. Nf3 d5 2. g3 c5 3. Bg2 Nc6 4. d4 e6 5. O-O Nf6 6. c4 Be7 7. cxd5 exd5 8. Bg5 O-O 9. Nc3 cxd4 10. Nxd4 Re8 11. e3 Be6 12. Rc1 Qd7 13. Nxc6 bxc6 14. Na4 h6 15. Bxf6 Bxf6 16. Nc5 Qd6 17. b3 Bf5 18. Qd2 Rac8 19. Rfd1 Bg6 20. h3 Bh5 21. Re1 Re7 22. Ne4 Qe6 23. Nxf6+ Qxf6 24. Rc5 Bg6 25. Rd1 1/2-1/2

[Event "63.Camp. Veneto Quarti di Finale"]
[Site "Arquà Petrarca ITA"]
[Date "2003.05.11"]
[Round "6.27"]
[White "Ballarin, Gabriele"]
[Black "Lo Duca, Massimiliano"]
[Result "1-0"]
[WhiteElo "1582"]
[BlackElo "1300"]
[Annotator "Gabriele Ballarin"]
[PlyCount "49"]
[EventDate "2003.05.03"]
[EventType "swiss"]
[EventRounds "6"]
[EventCountry "ITA"]
[SourceTitle "Inf 22"]

1. e4 e6 2. d4 d5 3. Nc3 Nf6 4. e5 Nfd7 5. f4 c5 6. Nf3 a6 7. g3 Nb6 8. Bh3 Nc6 9. Ne2 Bd7 10. O-O Be7 11. c3 Qc7 12. dxc5 Bxc5+ 13. Ned4 Nxd4 14. Nxd4 Bb5 15. Rf3 Rg8 16. Kh1 Bd7 17. f5 Bxd4 18. Qxd4 h6 19. b3 Rc8 20. Ba3 f6 21. Bd6 fxe5 22. Qxe5 Nc4 23. bxc4 Qxc4 24. fxe6 Bb5 25. Qxg7 1-0

[Event "63.Camp. Veneto Quarti di Finale"]
[Site "Arquà Petrarca ITA"]
[Date "2003.05.11"]
[Round "6.28"]
[White "Turri, Riccardo"]
[Black "Zanatta, Federico"]
[Result "0-1"]
[WhiteElo "1300"]
[BlackElo "1654"]
[Annotator "Gabriele Ballarin"]
[PlyCount "64"]
[EventDate "2003.05.03"]
[EventType "swiss"]
[EventRounds "6"]
[EventCountry "ITA"]

1. d4 f5 2. Bf4 Nf6 3. Nd2 e6 4. c4 c5 5. e3 Nc6 6. Ngf3 cxd4 7. exd4 Qb6 8. Nb3 Bb4+ 9. Bd2 Bxd2+ 10. Qxd2 Ne4 11. Qe3 Nb4 12. Bd3 Nxd3+ 13. Qxd3 Qb4+ 14. Ke2 b6 15. a3 Qa4 16. Nbd2 Ba6 17. b3 Qc6 18. Rhe1 d5 19. Rac1 O-O 20. Kf1 Qd6 21. a4 Rf6 22. Kg1 Qf4 23. Qe3 Qg4 24. cxd5 exd5 25. Ne5 Qh5 26. f3 f4 27. Nxe4 fxe3 28. Nxf6+ gxf6 29. Ng4 Qg5 30. Rxe3 h5 31. f4 Qxf4 32. Rf3 Qxc1+ 0-1

[Event "63.Camp. Veneto Quarti di Finale"]
[Site "Arquà Petrarca ITA"]
[Date "2003.05.11"]
[Round "6.30"]
[White "Battiston, Gianfranco"]
[Black "Cipolotti, Piersilvio"]
[Result "1/2-1/2"]
[WhiteElo "1564"]
[BlackElo "1612"]
[Annotator "Gabriele Ballarin"]
[PlyCount "102"]
[EventDate "2003.05.03"]
[EventType "swiss"]
[EventRounds "6"]
[EventCountry "ITA"]

1. e4 Nc6 2. Bb5 Ne5 3. d4 Ng6 4. Nf3 c6 5. Ba4 d6 6. Bb3 Bg4 7. Bxf7+ Kxf7 8. Ng5+ Ke8 9. Qxg4 Nf6 10. Qe2 Qd7 11. Nc3 Qg4 12. Qxg4 Nxg4 13. h3 Nf6 14. Be3 h6 15. Nf3 Kf7 16. O-O-O e5 17. g4 Be7 18. g5 hxg5 19. Nxg5+ Ke8 20. Ne6 Kf7 21. Ng5+ Ke8 22. dxe5 dxe5 23. Ne2 Nh7 24. h4 Nxg5 25. hxg5 Rxh1 26. Rxh1 Kf7 27. Ng3 Nf4 28. Bxf4 exf4 29. g6+ Kxg6 30. Nf5 Bf6 31. Rg1+ Kf7 32. Rd1 Rd8 33. Rxd8 Bxd8 34. Nd6+ Ke7 35. Nf5+ Kf6 36. f3 g5 37. Nh6 Kg6 38. Ng4 Kf7 39. Kd2 Ke6 40. Kd3 Bc7 41. a4 Bb6 42. Kc4 Bc7 43. b4 Bb8 44. Kb3 Bc7 45. c4 a6 46. c5 Ke7 47. a5 Ke6 48. Kc4 Bb8 49. Kd4 Bc7 50. Kc4 Bb8 51. Kd4 Bc7 1/2-1/2